Measurement and statistics on science and technology, 1920 to the present
I tiakina i:
| Kaituhi matua: | |
|---|---|
| Hōputu: | Pukapuka |
| Reo: | Ingarihi |
| I whakaputaina: |
Nueva York
Routledge
2005
|
| Putanga: | 1a. ed |
| Rangatū: | Routledge Studies in the History of Science, Technology and Medicine, 22
|
| Ngā marau: | |
| Ngā Tūtohu: |
Tāpirihia he Tūtohu
Kāore He Tūtohu, Me noho koe te mea tuatahi ki te tūtohu i tēnei pūkete!
|
MARC
| LEADER | 00000nam a2200000 a 4500 | ||
|---|---|---|---|
| 001 | UCK6277 | ||
| 003 | CL-VaPUC | ||
| 008 | 050916e20050000US |||||||||||||||||eng|d | ||
| 020 | |a 0415328497 | ||
| 082 | 0 | 4 | |a 519.5 |b GOD |2 21 |
| 100 | 0 | |a Godin, Benoit |e author |9 495383 | |
| 245 | 1 | 0 | |a Measurement and statistics on science and technology, 1920 to the present |
| 250 | |a 1a. ed | ||
| 300 | |a 360 p | ||
| 942 | |c BK | ||
| 945 | |d 20050916 00:00:00 |a cmena | ||
| 260 | |a Nueva York |b Routledge |c 2005 | ||
| 650 | 0 | |a Estadística matemática |9 260028 | |
| 650 | 0 | |a Investigación científica |9 259857 | |
| 583 | |a last modification |c 20050916 00:00:00 |k Rodrigo Vera | ||
| 490 | 0 | |a Routledge Studies in the History of Science, Technology and Medicine, 22 | |
| 999 | |c 314576 |d 314574 | ||
| 952 | |0 0 |1 0 |4 0 |6 519_500000000000000_GOD_2005 |7 0 |8 A |9 386999 |a BIBGIM |b BIBGIM |d 2019-11-22 |i 4165918 |o 519.5 GOD 2005 |p 4165918 |r 2025-01-15 |w 2019-11-22 |y BK |k EST | ||